[Event "Titled Tuesday intern op 14th May Late"]
[Site "Chess.com INT"]
[Date "2024.05.14"]
[Round "11"]
[White "Dobre, Claudiu Cristian"]
[Black "Golubev, Mikhail"]
[Result "0-1"]
[WhiteElo "2259"]
[BlackElo "2461"]
[PlyCount "96"]
[EventDate "2024.05.14"]
[EventType "swiss (blitz)"]
[EventRounds "11"]
[EventCountry "USA"]
[SourceTitle "CB21_2024"]
[SourceDate "2024.05.22"]
[SourceVersion "1"]
[SourceVersionDate "2024.05.22"]
[SourceQuality "1"]

1. d4 Nf6 2. Nf3 d6 3. c4 g6 4. Nc3 Bg7 5. e4 0-0 6. Be2 e5 7. dxe5 dxe5 8. Qxd8 Rxd8 9. Bg5 c6 10. Nxe5 Re8 11. 0-0-0 Na6 12. Rd6 Nh5 13. Nd3 Bf8 14. Rd8 Rxd8 15. Bxd8 Be6 16. Bg5 Bxc4 17. g4 Ng7 18. Rd1 Ne6 19. Bf6 Bg7 20. Bxg7 Kxg7 21. b3 Bxd3 22. Bxd3 Nac5 23. Bc4 Nf4 24. b4 b5 25. Bxf7 Ncd3+ 26. Kc2 Kxf7 27. Rxd3 Nxd3 28. Kxd3 g5 29. e5 Ke6 30. Ke4 Rf8 31. Ne2 Rxf2 32. Nd4+ Kd7 33. Nf3 Rxa2 34. Nxg5 Rxh2 35. Kf5 Rf2+ 36. Ke4 h6 37. Nh7 Rf7 38. Nf6+ Ke6 39. Nh5 Rf1 40. Nf4+ Ke7 41. Kf5 a5 42. Ke4 Rxf4+ 43. Kxf4 a4 44. Kf5 a3 45. Kg6 a2 46. Kxh6 a1Q 47. g5 Qxe5 48. g6 Kf6 0-1

[Event "Titled Tuesday intern op 14th May Late"]
[Site "Chess.com INT"]
[Date "2024.05.14"]
[Round "8"]
[White "Dobre, Claudiu Cristian"]
[Black "Hamitevici, Vladimir"]
[Result "0-1"]
[WhiteElo "2259"]
[BlackElo "2444"]
[PlyCount "50"]
[EventDate "2024.05.14"]
[EventType "swiss (blitz)"]
[EventRounds "11"]
[EventCountry "USA"]
[SourceTitle "CB21_2024"]
[SourceDate "2024.05.22"]
[SourceVersion "1"]
[SourceVersionDate "2024.05.22"]
[SourceQuality "1"]

1. d4 c6 2. e4 a6 3. d5 d6 4. c4 g6 5. Bd3 Bg7 6. Ne2 Nf6 7. h3 0-0 8. 0-0 e6 9. dxe6 Bxe6 10. Nbc3 Nbd7 11. b3 d5 12. cxd5 cxd5 13. exd5 Nxd5 14. Bb2 Nb4 15. Be4 Nc5 16. Bf3 Nbd3 17. Ba3 Qa5 18. Na4 Rfd8 19. Rb1 Ne5 20. Qc1 Nxf3+ 21. gxf3 Nxa4 22. bxa4 Rac8 23. Qe3 Qxa4 24. Rfc1 Rxc1+ 25. Rxc1 Rd1+ 0-1

[Event "Titled Tuesday intern op 30th Apr Early"]
[Site "Chess.com INT"]
[Date "2024.04.30"]
[Round "1"]
[White "Alekseenko, Kirill"]
[Black "Dobre, Claudiu Cristian"]
[Result "1-0"]
[WhiteElo "2655"]
[BlackElo "2259"]
[PlyCount "89"]
[EventDate "2024.04.30"]
[EventType "swiss (blitz)"]
[EventRounds "11"]
[EventCountry "USA"]
[SourceTitle "CB19_2024"]
[SourceDate "2024.05.08"]
[SourceVersion "1"]
[SourceVersionDate "2024.05.08"]
[SourceQuality "1"]

1. e4 e5 2. Nf3 Nf6 3. Nxe5 d6 4. Nf3 Nxe4 5. Nc3 Nf6 6. d4 Be7 7. Bd3 0-0 8. h3 Nc6 9. a3 d5 10. 0-0 h6 11. Bf4 Bd6 12. Qd2 Bxf4 13. Qxf4 Nh5 14. Qh2 g5 15. Rfe1 Be6 16. Bb5 Nf4 17. Bxc6 bxc6 18. Ne5 Qd6 19. Ne2 Nxe2+ 20. Rxe2 f6 21. Nd3 Qxh2+ 22. Kxh2 Rae8 23. Rae1 Bd7 24. Nc5 Rxe2 25. Rxe2 Re8 26. Rxe8+ Bxe8 27. Ne6 Bg6 28. c3 Kf7 29. Nd8+ Ke8 30. Nxc6 Kd7 31. Nxa7 c6 32. b4 Kc7 33. b5 Be8 34. Nxc6 Kb6 35. a4 Bg6 36. Ne7 Bf7 37. Nc8+ Ka5 38. b6 Ka6 39. b7 Kxb7 40. Nd6+ Kb6 41. Nxf7 Ka5 42. Nxh6 Kxa4 43. Ng4 Kb3 44. Nxf6 Kxc3 45. Nxd5+ 1-0

[Event "Titled Tuesday intern op 30th Apr Early"]
[Site "Chess.com INT"]
[Date "2024.04.30"]
[Round "9"]
[White "Dobre, Claudiu Cristian"]
[Black "Mirzoev, Azer"]
[Result "0-1"]
[WhiteElo "2259"]
[BlackElo "2447"]
[PlyCount "114"]
[EventDate "2024.04.30"]
[EventType "swiss (blitz)"]
[EventRounds "11"]
[EventCountry "USA"]
[SourceTitle "CB19_2024"]
[SourceDate "2024.05.08"]
[SourceVersion "1"]
[SourceVersionDate "2024.05.08"]
[SourceQuality "1"]

1. d4 d5 2. Nf3 c6 3. c4 Nf6 4. e3 Bf5 5. Nc3 e6 6. Nh4 Be4 7. f3 Bg6 8. Qb3 Qc7 9. Bd2 Nbd7 10. 0-0-0 Be7 11. Be1 a6 12. Bg3 Qb6 13. Nxg6 hxg6 14. Qxb6 Nxb6 15. c5 Nbd7 16. e4 dxe4 17. fxe4 Nh5 18. Bd6 Bxd6 19. cxd6 e5 20. d5 c5 21. Be2 Nhf6 22. g4 g5 23. Bf3 0-0-0 24. h3 Kb8 25. a4 Nb6 26. a5 Nc4 27. b3 Nxd6 28. Kc2 Rc8 29. Kb2 Nfe8 30. Rc1 Nf6 31. Bg2 Rh6 32. Rhf1 Nd7 33. Rc2 Rf6 34. Rxf6 Nxf6 35. Rf2 Rc7 36. Kc2 Kc8 37. Re2 Kd8 38. Nd1 Nb5 39. Re3 Nd4+ 40. Kd2 Ne8 41. Nb2 Nd6 42. Nc4 Nxb3+ 43. Rxb3 Nxc4+ 44. Kc2 Nxa5 45. Rb6 Nc4 46. Rb3 Ke7 47. Bf1 Nd6 48. Re3 b5 49. Bg2 a5 50. Ra3 a4 51. Ra1 Ra7 52. Kd3 a3 53. Bf1 a2 54. Ke3 Ra3+ 55. Kf2 Nxe4+ 56. Kg2 Nd6 57. Be2 b4 0-1

[Event "Titled Tuesday intern op 30th Apr Early"]
[Site "Chess.com INT"]
[Date "2024.04.30"]
[Round "4"]
[White "Suleymanli, Suleyman"]
[Black "Dobre, Claudiu Cristian"]
[Result "0-1"]
[WhiteElo "2246"]
[BlackElo "2259"]
[PlyCount "158"]
[EventDate "2024.04.30"]
[EventType "swiss (blitz)"]
[EventRounds "11"]
[EventCountry "USA"]
[SourceTitle "CB19_2024"]
[SourceDate "2024.05.08"]
[SourceVersion "1"]
[SourceVersionDate "2024.05.08"]
[SourceQuality "1"]

1. Nf3 d5 2. g3 c6 3. Bg2 Bg4 4. 0-0 Nd7 5. h3 Bxf3 6. Bxf3 Ngf6 7. c4 Ne5 8. cxd5 Nxf3+ 9. exf3 Nxd5 10. Nc3 e6 11. d4 Be7 12. Be3 0-0 13. f4 g6 14. Qb3 Qb6 15. Ne4 Qxb3 16. axb3 a6 17. Kg2 Rad8 18. Rfd1 Rd7 19. Bd2 Rfd8 20. Ba5 Re8 21. Kf3 f5 22. Nd2 Bf6 23. Nc4 Ne7 24. Ne5 Bxe5 25. dxe5 Rxd1 26. Rxd1 Nd5 27. Bc3 c5 28. Rc1 b6 29. Bd2 a5 30. h4 Ra8 31. Ke2 Kf7 32. Rc4 h5 33. Rc1 Ke7 34. Rc4 Kd7 35. Rc1 Kc6 36. Ra1 Kb5 37. Kd3 Rd8 38. Kc2 Ne7 39. Bc3 Nc6 40. f3 Nd4+ 41. Bxd4 Rxd4 42. Re1 Kc6 43. Re3 b5 44. Re1 b4 45. Ra1 Kb5 46. Re1 c4 47. bxc4+ Rxc4+ 48. Kb1 Rd4 49. Kc2 a4 50. Rg1 Kc4 51. Kb1 b3 52. Rc1+ Kb4 53. Rg1 Rd3 54. Rf1 Rd2 55. Kc1 Rc2+ 56. Kb1 Rg2 57. Rd1 Rxg3 58. Kc1 Rxf3 59. Rd4+ Kc5 60. Rxa4 Rh3 61. Ra6 Rxh4 62. Rxe6 Rxf4 63. Rxg6 Re4 64. Rg5 Rxe5 65. Rxh5 Kd4 66. Kd2 f4 67. Rh3 Re3 68. Rh4 Ke4 69. Rh8 Rd3+ 70. Ke2 f3+ 71. Ke1 Re3+ 72. Kf1 Re2 73. Re8+ Kd3 74. Rf8 Rxb2 75. Rxf3+ Kd2 76. Rf2+ Kc1 77. Rf8 Rd2 78. Ke1 Rc2 79. Rb8 b2 0-1

[Event "Titled Tuesday intern op 16th Apr Early"]
[Site "Chess.com INT"]
[Date "2024.04.16"]
[Round "1"]
[White "Le, Tuan Minh"]
[Black "Dobre, Claudiu Cristian"]
[Result "1/2-1/2"]
[WhiteElo "2567"]
[BlackElo "2259"]
[PlyCount "174"]
[EventDate "2024.04.16"]
[EventType "swiss (blitz)"]
[EventRounds "11"]
[EventCountry "USA"]
[SourceTitle "CB17_2024"]
[SourceDate "2024.04.24"]
[SourceVersion "1"]
[SourceVersionDate "2024.04.24"]
[SourceQuality "1"]

1. d4 d5 2. Nf3 Nf6 3. Bf4 c6 4. e3 Bg4 5. c4 e6 6. Qb3 Qb6 7. Nc3 Nbd7 8. c5 Qxb3 9. axb3 a6 10. b4 Bxf3 11. gxf3 Rc8 12. Bd3 Be7 13. Bg3 0-0 14. f4 g6 15. Bh4 Rfe8 16. Ne2 Nh5 17. Bg3 f6 18. Nc1 Bd8 19. Nb3 Kf7 20. Kd2 e5 21. f5 e4 22. Be2 Nxg3 23. hxg3 Kg7 24. Bg4 g5 25. Nc1 Bc7 26. Ne2 Rh8 27. Nc3 Rce8 28. Bh5 Re7 29. Be2 Ree8 30. g4 h6 31. f3 exf3 32. Bxf3 Rd8 33. Kc2 Rhe8 34. Rhe1 Bg3 35. Re2 Nb8 36. Rd1 Re7 37. e4 dxe4 38. Nxe4 Bf4 39. Nc3 Rxe2+ 40. Nxe2 Be3 41. d5 cxd5 42. Bxd5 Nc6 43. Bxc6 Rxd1 44. Kxd1 bxc6 45. Kc2 h5 46. gxh5 Kh6 47. Kd3 Bf2 48. Ke4 g4 49. Nf4 Kg5 50. Nd3 Bg1 51. Nf4 Kh6 52. Ne2 Bf2 53. Nf4 Be1 54. Nd3 Bd2 55. Nf2 Kxh5 56. Kd3 Bxb4 57. Ne4 Kh4 58. Ke2 g3 59. Kf3 Be1 60. Nxf6 Kh3 61. Nh5 Kh2 62. Nf4 Bb4 63. f6 Bxc5 64. f7 Bd6 65. Ng2 a5 66. Ne3 a4 67. Nf1+ Kh3 68. Nxg3 a3 69. bxa3 Bxa3 70. Nf5 Bf8 71. Kf4 c5 72. Ke5 c4 73. Nd4 Kg4 74. Ke4 Kg5 75. Ke5 Kg6 76. Ke6 c3 77. Nc2 Kg7 78. Ne3 Kg6 79. Nc2 Bc5 80. Ne1 Kg7 81. Nd3 Ba3 82. Ne1 Bb4 83. Nc2 Bc5 84. Kd5 Bf8 85. Ke6 Bc5 86. Ne1 Bb4 87. Nc2 Bc5 1/2-1/2

[Event "Titled Tuesday intern op 16th Apr Early"]
[Site "Chess.com INT"]
[Date "2024.04.16"]
[Round "6"]
[White "Matveeva, Olga"]
[Black "Dobre, Claudiu Cristian"]
[Result "0-1"]
[WhiteElo "2156"]
[BlackElo "2259"]
[PlyCount "130"]
[EventDate "2024.04.16"]
[EventType "swiss (blitz)"]
[EventRounds "11"]
[EventCountry "USA"]
[SourceTitle "CB17_2024"]
[SourceDate "2024.04.24"]
[SourceVersion "1"]
[SourceVersionDate "2024.04.24"]
[SourceQuality "1"]

1. d4 d5 2. c4 c6 3. Nf3 Nf6 4. Qb3 g6 5. g3 Bg7 6. Bg2 0-0 7. 0-0 Qb6 8. Nc3 Be6 9. c5 Qxb3 10. axb3 a6 11. Bf4 Nbd7 12. b4 h6 13. h4 Bf5 14. Ne5 Rad8 15. Rfe1 Ne4 16. f3 Nxc3 17. bxc3 Nxe5 18. Bxe5 f6 19. Bc7 Rd7 20. Bb6 e5 21. e3 Re8 22. Kf2 Rde7 23. g4 Bd3 24. Rad1 Bc4 25. Rc1 Kf7 26. Bh3 g5 27. h5 e4 28. Bg2 exf3 29. Bxf3 Bd3 30. Rcd1 Bh7 31. Rd2 f5 32. gxf5 Bxf5 33. Rde2 g4 34. Bg2 Bf6 35. Kg3 Bd3 36. Rf2 Rxe3+ 37. Rxe3 Rxe3+ 38. Kxg4 Be2+ 39. Kf5 Bxh5 40. Bc7 Rxc3 41. Be5 Bg5 42. Bd6 Rd3 43. Ke5+ Kg7 44. Bf8+ Kg6 45. Bf1 Re3+ 46. Kd6 Bf3 47. Kc7 h5 48. Kxb7 Bh4 49. Rh2 Bg3 50. Rh3 h4 51. Kxc6 Re1 52. Bd3+ Kg5 53. b5 axb5 54. Kxb5 Kg4 55. Rxg3+ hxg3 56. c6 g2 57. c7 Rc1 58. Bc5 g1Q 59. c8Q+ Kg3 60. Qg8+ Kf2 61. Qf7 Qe1 62. Qf4 Qe3 63. Qh2+ Ke1 64. Qh4+ Kd2 65. Qh2+ Kxd3 0-1

[Event "Titled Tuesday intern op 12th Mar Early"]
[Site "Chess.com INT"]
[Date "2024.03.12"]
[Round "7"]
[White "Dobre, Claudiu Cristian"]
[Black "Mena, Martin"]
[Result "1-0"]
[WhiteElo "2259"]
[BlackElo "1968"]
[PlyCount "125"]
[EventDate "2024.03.12"]
[EventType "swiss (blitz)"]
[EventRounds "11"]
[EventCountry "USA"]
[SourceTitle "CB12_2024"]
[SourceDate "2023.10.01"]
[SourceVersion "1"]
[SourceVersionDate "2023.10.01"]
[SourceQuality "1"]

1. d4 d5 2. Nf3 Nf6 3. e3 e6 4. Nbd2 b6 5. c3 Bd6 6. Bb5+ c6 7. Bd3 0-0 8. Ne5 Ba6 9. Bc2 Bxe5 10. dxe5 Nfd7 11. Qh5 g6 12. Qh6 Nxe5 13. Nf3 Nxf3+ 14. gxf3 e5 15. h4 Qf6 16. Rh3 Qg7 17. Qg5 h6 18. Qg3 Bc8 19. Rh1 Bf5 20. e4 dxe4 21. fxe4 Be6 22. f4 exf4 23. Bxf4 Nd7 24. 0-0-0 Nf6 25. Be5 Nh5 26. Qh2 f6 27. Bd6 Rfe8 28. Rhg1 Kh7 29. Rd2 Qf7 30. Rdg2 Rg8 31. a3 Bb3 32. Bd3 Bc4 33. Bc2 Bb3 34. Qh3 Bxc2 35. Kxc2 Rad8 36. Rd2 Qd7 37. Qf3 Qe6 38. Rgd1 Rge8 39. e5 fxe5 40. Qxc6 Qf5+ 41. Kb3 Nf4 42. Bc7 Rxd2 43. Rxd2 Re7 44. Bd8 Qe6+ 45. Qxe6 Rxe6 46. Rd7+ Kg8 47. Rxa7 e4 48. Bc7 Nd5 49. Bg3 e3 50. Rd7 Nf6 51. Rd1 e2 52. Re1 Nh5 53. Bh2 Nf6 54. Kc4 Ng4 55. Bg3 h5 56. Kd3 Ne5+ 57. Bxe5 Rxe5 58. Rxe2 Rd5+ 59. Ke4 Rb5 60. b4 Rf5 61. Rg2 Kf7 62. a4 Rf1 63. Rh2 1-0

[Event "Titled Tuesday intern op 12th Mar Late"]
[Site "Chess.com INT"]
[Date "2024.03.12"]
[Round "7"]
[White "Skotheim, Andreas"]
[Black "Dobre, Claudiu Cristian"]
[Result "0-1"]
[WhiteElo "2214"]
[BlackElo "2259"]
[PlyCount "80"]
[EventDate "2024.03.12"]
[EventType "swiss (blitz)"]
[EventRounds "11"]
[EventCountry "USA"]
[SourceTitle "CB12_2024"]
[SourceDate "2023.10.01"]
[SourceVersion "1"]
[SourceVersionDate "2023.10.01"]
[SourceQuality "1"]

1. Nf3 d5 2. g3 c6 3. Bg2 Bg4 4. h3 Bxf3 5. exf3 e6 6. 0-0 g6 7. d3 Bg7 8. Nc3 Nd7 9. f4 Ne7 10. Ne2 c5 11. c3 0-0 12. g4 f5 13. Re1 Nc6 14. Ng3 Re8 15. Qb3 Na5 16. Qc2 Nf6 17. g5 Nd7 18. Bd2 Nc6 19. Qb3 Na5 20. Qa3 c4 21. Qa4 Nc5 22. Qc2 cxd3 23. Qd1 Nc4 24. Rb1 d4 25. cxd4 Bxd4 26. Bc3 Bxc3 27. bxc3 Rb8 28. Nf1 Qc7 29. Rb4 b5 30. Nd2 a5 31. Rxc4 bxc4 32. Nxc4 Qxf4 33. Ne5 Rb2 34. Rf1 Qxe5 35. f4 Qe3+ 36. Kh1 Qe2 37. Rg1 Qxd1 38. Rxd1 Rxa2 39. Bd5 exd5 40. Re1 Rxe1# 0-1

[Event "Sebes GP op"]
[Site "Sebes"]
[Date "2023.11.05"]
[Round "6"]
[White "Dobre, Claudiu Cristian"]
[Black "Hamitevici, Vladimir"]
[Result "1-0"]
[WhiteElo "2259"]
[BlackElo "2482"]
[PlyCount "61"]
[EventDate "2023.11.04"]
[EventType "swiss"]
[EventRounds "10"]
[EventCountry "ROU"]
[SourceTitle "CB46_2023"]
[SourceDate "2023.11.15"]
[SourceVersion "1"]
[SourceVersionDate "2023.11.15"]
[SourceQuality "1"]

1. d4 d6 2. c4 e5 3. Nc3 exd4 4. Qxd4 Nc6 5. Qd2 Nf6 6. g3 Be6 7. e4 g6 8. b3 Bg7 9. Bb2 0-0 10. Bg2 a5 11. Nge2 a4 12. Rd1 axb3 13. axb3 Nd7 14. 0-0 Nc5 15. Nc1 Nd4 16. b4 Bxc4 17. bxc5 Bxf1 18. Kxf1 dxc5 19. N3e2 Ra4 20. Qc3 b6 21. Nb3 Qd7 22. e5 Bxe5 23. Nxc5 Nxe2 24. Rxd7 Bxc3 25. Nxa4 Bxb2 26. Nxb2 Nc3 27. Rxc7 Nb5 28. Rb7 Rc8 29. Bd5 Rc1+ 30. Kg2 Nd6 31. Rxb6 1-0

[Event "Sebes GP op"]
[Site "Sebes"]
[Date "2023.11.05"]
[Round "7"]
[White "Dobre, Claudiu Cristian"]
[Black "Petrov, Martin"]
[Result "0-1"]
[WhiteElo "2259"]
[BlackElo "2500"]
[PlyCount "82"]
[EventDate "2023.11.04"]
[EventType "swiss"]
[EventRounds "10"]
[EventCountry "ROU"]
[SourceTitle "CB46_2023"]
[SourceDate "2023.11.15"]
[SourceVersion "1"]
[SourceVersionDate "2023.11.15"]
[SourceQuality "1"]

1. d4 Nf6 2. Nf3 e6 3. Bg5 h6 4. Bh4 b6 5. e3 Bb7 6. Nbd2 c5 7. Bd3 Be7 8. 0-0 0-0 9. Qe2 cxd4 10. exd4 Nd5 11. Bxe7 Qxe7 12. Rfe1 Nf4 13. Qe3 Nxd3 14. Qxd3 Nc6 15. c3 Qf6 16. Ne4 Qg6 17. Ne5 Nxe5 18. dxe5 Kh8 19. Re3 f6 20. exf6 Rxf6 21. Ng3 Qf7 22. f3 Rf4 23. Ne4 Bc6 24. Rae1 Rf8 25. b3 Qe7 26. Qd6 Qd8 27. Ng3 b5 28. Qd2 Qe7 29. Ne2 Rh4 30. Nd4 Qd6 31. g3 Rh5 32. Rd3 Ba8 33. Qe3 Qb6 34. f4 Qb7 35. Nf3 e5 36. Kf2 e4 37. Rd4 exf3 38. h4 Rhf5 39. Qe7 R5f7 40. Qd6 Qc6 41. Qe5 Qxc3 0-1

[Event "Titled Tuesday intern op 26th Sep Early"]
[Site "Chess.com INT"]
[Date "2023.09.26"]
[Round "10"]
[White "Dobre, Claudiu Cristian"]
[Black "Vlassov, Nikolai"]
[Result "0-1"]
[WhiteElo "2259"]
[BlackElo "2283"]
[PlyCount "134"]
[EventDate "2023.09.26"]
[EventType "swiss (blitz)"]
[EventRounds "11"]
[EventCountry "USA"]
[SourceTitle "EXT 2024"]
[Source "ChessBase"]
[SourceDate "2023.10.10"]
[SourceVersion "1"]
[SourceVersionDate "2023.10.10"]
[SourceQuality "1"]

1. d4 Nf6 2. Nf3 e6 3. Bg5 h6 4. Bxf6 Qxf6 5. e4 g5 6. c3 g4 7. Ne5 h5 8. h3 g3 9. fxg3 d6 10. Nd3 Nc6 11. Qf3 Qg7 12. Nd2 Bd7 13. 0-0-0 0-0-0 14. Be2 Be7 15. Rhf1 Rh7 16. Nf4 h4 17. g4 Bg5 18. Nh5 Qh6 19. Kc2 e5 20. d5 Ne7 21. Nf6 Rg7 22. Nxd7 Rxd7 23. Bb5 c6 24. dxc6 bxc6 25. Ba6+ Kb8 26. Nc4 Qe6 27. Ne3 Bxe3 28. Qxe3 Qxa2 29. Ra1 Qe6 30. Ra3 Ka8 31. Rb3 Rg8 32. Ra1 Rb8 33. Rba3 d5 34. exd5 Nxd5 35. Qc5 Qd6 36. Qxd6 Rxd6 37. Bd3 Rb7 38. Be4 Ne3+ 39. Kb1 Kb8 40. b3 Rd1+ 41. Kb2 Rd2+ 42. Kc1 Re2 43. R1a2 Rxa2 44. Rxa2 Rxb3 45. Kd2 Nc4+ 46. Kd3 Nd6 47. Bxc6 Kc7 48. Bd5 Rb1 49. Rf2 Kb6 50. Kc2 Ra1 51. Kb2 Rd1 52. Bxf7 Kc5 53. Bg6 a5 54. Bc2 Nc4+ 55. Kb3 Re1 56. g5 Ra1 57. Bh7 a4+ 58. Kc2 Ra2+ 59. Kd3 Rxf2 60. g6 Rxg2 61. Ke4 a3 62. Kf5 a2 63. Kf6 a1Q 64. g7 Qxc3 65. Bg6 e4+ 66. Kf7 Ne5+ 67. Kf8 Rxg6 0-1

[Event "Titled Tuesday intern op 19th Sep Early"]
[Site "Chess.com INT"]
[Date "2023.09.19"]
[Round "6"]
[White "Agibileg, Uurtsaikh"]
[Black "Dobre, Claudiu Cristian"]
[Result "1-0"]
[WhiteElo "2441"]
[BlackElo "2259"]
[PlyCount "61"]
[EventDate "2023.09.19"]
[EventType "swiss (blitz)"]
[EventRounds "11"]
[EventCountry "USA"]
[SourceTitle "EXT 2024"]
[Source "ChessBase"]
[SourceDate "2023.10.10"]
[SourceVersion "1"]
[SourceVersionDate "2023.10.10"]
[SourceQuality "1"]

1. d4 d5 2. c4 c6 3. Nf3 Nf6 4. Nc3 e6 5. g3 Nbd7 6. Bg2 dxc4 7. 0-0 Be7 8. e4 e5 9. dxe5 Ng4 10. e6 fxe6 11. Nd4 Nde5 12. Bf4 Bd6 13. Qe2 0-0 14. Rad1 Nd3 15. Nxc6 bxc6 16. Bxd6 Qxd6 17. Qxg4 e5 18. Qe2 Qb4 19. Rd2 Rb8 20. Nd1 Nc1 21. Qe3 Nxa2 22. Qxa7 Qxd2 23. Qxb8 Nb4 24. Qxe5 Bg4 25. Ne3 Be2 26. Ra1 Qd7 27. Qc5 Nd3 28. Qxc4+ Kh8 29. f3 Qb7 30. Qc5 Qxb2 31. Qxf8# 1-0

[Event "Titled Tuesday intern op 19th Sep Early"]
[Site "Chess.com INT"]
[Date "2023.09.19"]
[Round "11"]
[White "Dobre, Claudiu Cristian"]
[Black "Zaksaite, Salomeja"]
[Result "0-1"]
[WhiteElo "2259"]
[BlackElo "2217"]
[PlyCount "92"]
[EventDate "2023.09.19"]
[EventType "swiss (blitz)"]
[EventRounds "11"]
[EventCountry "USA"]
[SourceTitle "EXT 2024"]
[Source "ChessBase"]
[SourceDate "2023.10.10"]
[SourceVersion "1"]
[SourceVersionDate "2023.10.10"]
[SourceQuality "1"]

1. c4 Nf6 2. Nc3 g6 3. Nf3 Bg7 4. d4 d6 5. e4 0-0 6. Be2 e5 7. 0-0 exd4 8. Nxd4 Re8 9. f3 Nc6 10. Be3 Nh5 11. Qd2 Nf4 12. Nxc6 Nxe2+ 13. Nxe2 bxc6 14. Bd4 Bd7 15. c5 d5 16. Nc3 Rb8 17. Rad1 Bxd4+ 18. Qxd4 Be6 19. exd5 Bxd5 20. b4 Be6 21. Qe5 Qe7 22. Ne4 Red8 23. a3 f6 24. Qxf6 Qxf6 25. Nxf6+ Kg7 26. Ne4 Rd5 27. Nc3 Rxd1 28. Rxd1 Kf6 29. f4 Ke7 30. Kf2 a5 31. Rd4 axb4 32. axb4 Ra8 33. Rd2 Ra3 34. Nd1 Rb3 35. Rb2 Rd3 36. Ne3 Rd4 37. Kf3 Kf6 38. g4 h6 39. h4 Bf7 40. g5+ hxg5 41. hxg5+ Ke7 42. Ng4 Rd3+ 43. Ke2 Rg3 44. Nf2 Bc4+ 45. Kd2 Bd5 46. Rb1 Rg2 0-1

[Event "Titled Tuesday intern op 19th Sep Early"]
[Site "Chess.com INT"]
[Date "2023.09.19"]
[Round "7"]
[White "Heinechen, John"]
[Black "Dobre, Claudiu Cristian"]
[Result "0-1"]
[WhiteElo "1957"]
[BlackElo "2259"]
[PlyCount "80"]
[EventDate "2023.09.19"]
[EventType "swiss (blitz)"]
[EventRounds "11"]
[EventCountry "USA"]
[SourceTitle "EXT 2024"]
[Source "ChessBase"]
[SourceDate "2023.10.10"]
[SourceVersion "1"]
[SourceVersionDate "2023.10.10"]
[SourceQuality "1"]

1. e4 Nc6 2. Nc3 e5 3. g3 Bc5 4. Bg2 d6 5. Nge2 a5 6. 0-0 Nge7 7. Nd5 0-0 8. c3 a4 9. d4 Ba7 10. f4 exd4 11. cxd4 Bg4 12. Bf3 Bxf3 13. Rxf3 Nxd5 14. exd5 Ne7 15. Nc3 Nf5 16. Be3 Re8 17. Bf2 Qf6 18. Rd3 Qg6 19. Qd2 a3 20. b3 h5 21. Re1 Rxe1+ 22. Bxe1 Re8 23. Bf2 h4 24. Nb5 Bb6 25. Nxa3 hxg3 26. hxg3 Nxd4 27. Bxd4 Bxd4+ 28. Rxd4 Qxg3+ 29. Kf1 Re3 30. Nc4 Qf3+ 31. Kg1 Re2 32. Qxe2 Qxe2 33. Rd2 Qg4+ 34. Kf1 Qxf4+ 35. Kg2 b5 36. Rf2 Qg4+ 37. Kf1 bxc4 38. bxc4 Qxc4+ 39. Kg2 Qxd5+ 40. Kg3 c5 0-1

[Event "Titled Tuesday intern op 29th Aug Early"]
[Site "Chess.com INT"]
[Date "2023.08.29"]
[Round "2"]
[White "Barp, Alberto"]
[Black "Dobre, Claudiu Cristian"]
[Result "1-0"]
[WhiteElo "2436"]
[BlackElo "2257"]
[PlyCount "83"]
[EventDate "2023.08.29"]
[EventType "swiss (blitz)"]
[EventRounds "11"]
[EventCountry "USA"]
[SourceTitle "EXT 2024"]
[Source "ChessBase"]
[SourceDate "2023.10.10"]
[SourceVersion "1"]
[SourceVersionDate "2023.10.10"]
[SourceQuality "1"]

1. f4 d5 2. Nf3 c6 3. g3 g6 4. Bg2 Bg7 5. Nc3 d4 6. Ne4 Bf5 7. Nf2 Nf6 8. 0-0 c5 9. c3 Nc6 10. cxd4 cxd4 11. b4 a6 12. Bb2 Ne4 13. Ne5 Nxf2 14. Rxf2 Nxe5 15. fxe5 Qb6 16. Qa4+ Bd7 17. Qb3 e6 18. Qf3 0-0 19. Qxb7 Qxb7 20. Bxb7 Rab8 21. Bxa6 Rxb4 22. Ba3 Ra4 23. Bxf8 Kxf8 24. Bd3 Bxe5 25. Rff1 Bc6 26. Rfb1 Bd5 27. Rb2 h5 28. Kf2 Kg7 29. h3 Kf6 30. Rc2 Bb3 31. Rb2 Bd5 32. a3 Bd6 33. Rb6 Rxa3 34. Rxa3 Bxa3 35. Rb8 e5 36. Rb6+ Ke7 37. Rb5 Ke6 38. Bc2 e4 39. Bb3 Bxb3 40. Rxb3 Bc5 41. Rb5 d3+ 42. Rxc5 1-0

[Event "Titled Tuesday intern op 29th Aug Early"]
[Site "Chess.com INT"]
[Date "2023.08.29"]
[Round "9"]
[White "Dobre, Claudiu Cristian"]
[Black "Bilan, Danila"]
[Result "1-0"]
[WhiteElo "2257"]
[BlackElo "2303"]
[PlyCount "81"]
[EventDate "2023.08.29"]
[EventType "swiss (blitz)"]
[EventRounds "11"]
[EventCountry "USA"]
[SourceTitle "EXT 2024"]
[Source "ChessBase"]
[SourceDate "2023.10.10"]
[SourceVersion "1"]
[SourceVersionDate "2023.10.10"]
[SourceQuality "1"]

1. c4 c6 2. Nf3 d5 3. g3 Nf6 4. Bg2 Bf5 5. 0-0 e6 6. b3 h6 7. Bb2 Nbd7 8. d3 Bc5 9. Qc2 0-0 10. Nc3 a5 11. e4 dxe4 12. Nxe4 Nxe4 13. dxe4 Bh7 14. Rad1 Qe7 15. Qc3 f6 16. e5 f5 17. Nd4 f4 18. Bh3 fxg3 19. hxg3 Bf5 20. Nxf5 exf5 21. e6 Nb6 22. Qe5 Rf6 23. Bxf5 Raf8 24. Bh3 Rxf2 25. Rxf2 Rxf2 26. Bd4 Bxd4 27. Qxd4 Rf3 28. Qxb6 Rxg3+ 29. Kh2 Rxh3+ 30. Kxh3 Qxe6+ 31. Kg3 Qe5+ 32. Kf2 Qf4+ 33. Ke2 Qg4+ 34. Kd2 Qf4+ 35. Qe3 Qh2+ 36. Kc1 Qxa2 37. Qc3 Qa3+ 38. Kb1 Qe7 39. Rg1 Qe4+ 40. Ka2 a4 41. Qxg7# 1-0